World Capitals starting with H, I and J - Sudden Death - Statistics

General Stats
  • This quiz has been taken 66 times
    40 since last reset
  • The average score is 7 of 9
Answers on the Grid
Answers color-coded by a green-red scale on the quiz's grid according to % correct below.
Harare
Haora
Helsinki
Hiroshima
Hanoi
Hangzhou
Honiara
Haikou
Havana
Hefei
Harbin
Hamburg
Ipoh
Ibadan
Incheon
Islamabad
Istanbul
Iztapalapa
Indianapolis
Izhevsk
Jabalpur
Jieyang
Jaipur
Juba
Jinan
Jeddah
Jerusalem
Jakarta
 
Answer Stats
Answer % Correct
Hanoi
100%
Harare
100%
Havana
100%
Helsinki
83%
Islamabad
83%
Jakarta
83%
Jerusalem
83%
Honiara
50%
Juba
50%
No matching quizzes found
Score Distribution
Percent of People with Each Score
Percentile by Number Answered
Your Score History
You have not taken this quiz since the last reset